Les competencies de l'Estat italia envers les confessions religioses

Bibliographic Details
Main Author: Seglers Gm̤ez-Quintero, Alex
Format: Unknown
Language:Spanish
Published: [Barcelona] : J.M. Bosch, 2005
Subjects:
Online Access:Acceso restringido

MARC

LEADER 00000ny a22000003n 4500
005 20110620102323.0
008 080625s2005 sp s 000 0 spa c
020 |a 8476987374 
035 |a 659 
040 |a UMA.RE  |d vLex 
080 |a 348(46)(0.034) 
080 |a 348(460)(0.034) 
090 |c 859  |d 859 
100 1 |a Seglers Gm̤ez-Quintero, Alex 
245 1 4 |a Les competencies de l'Estat italia envers les confessions religioses  |h [Recurso electrn̤ico]  |c Alex Seglers Gm̤ez-Quintero 
256 |a Servicio en ln̕ea 
260 |a [Barcelona] :  |b J.M. Bosch,  |c 2005 
506 1 |a Contenido solo disponible en los productos indicados  |d vLex Global  |d vLex Global (Academic Edition, excluding Law Schools)  |d vLex Global (U.S. Academic Edition, Law Schools)  |d vLex Global (U.S. Academic Edition, excluding Law Schools)  |d vLex Global (Academic Edition, Law Schools) 
650 0 7 |a Religin̤  |2 Tesauro vLex 
650 0 7 |a Derecho eclesis̀tico  |2 Tesauro vLex 
740 0 |a vLex Libros (Servicios en ln̕ea) 
856 4 0 |u http://vlex.com/source/659  |z Acceso restringido 
942 |c BOOK 
999 0 |a Religion  |b Barcelona